L'Amérique actuelle / (Record no. 156406)
[ view plain ]
| 000 -LEADER | |
|---|---|
| campo de control de longitud fija | 00726nam a22001935i 4500 |
| 001 - NÚMERO DE CONTROL | |
| campo de control | 156406 |
| 003 - IDENTIFICADOR DE NÚMERO DE CONTROL | |
| campo de control | ES-MaACL |
| 005 - FECHA Y HORA DE LA ÚLTIMA TRANSACCIÓN | |
| campo de control | 20250830221255.0 |
| 008 - DATOS DE LONGITUD FIJA--INFORMACIÓN GENERAL | |
| campo de control de longitud fija | 040729s1869 fr |||| | fre d |
| 040 ## - FUENTE DE CATALOGACIÓN | |
| Centro catalogador/agencia de origen | CAM |
| Lengua de catalogación | spa |
| Centro/agencia transcriptor | CAM |
| 100 1# - ENTRADA PRINCIPAL--NOMBRE DE PERSONA | |
| Nombre de persona | Jonveaux, Emile. |
| 9 (RLIN) | 128346 |
| 245 12 - MENCIÓN DEL TÍTULO | |
| Título | L'Amérique actuelle / |
| Mención de responsabilidad, etc. | par Emile Jonveaux ; précédé d'une introduction par Edouard Laboulaye. |
| 260 ## - PUBLICACIÓN, DISTRIBUCIÓN, ETC. | |
| Lugar de publicación, distribución, etc. | Paris : |
| Nombre del editor, distribuidor, etc. | Charpentier, libraire-éditeur, |
| Fecha de publicación, distribución, etc. | 1869 ( |
| Fabricante | Imp. Simon Raçon et Comp.) |
| 300 ## - DESCRIPCIÓN FÍSICA | |
| Extensión | XVI, 339 p. ; |
| Dimensiones | 18 cm. |
| 651 #4 - PUNTO DE ACCESO ADICIONAL DE MATERIA--NOMBRE GEOGRÁFICO | |
| Nombre geográfico | Estados Unidos- |
| Subdivisión general | Descripción |
| 9 (RLIN) | 8538 |
| 700 1# - ENTRADA AGREGADA--NOMBRE PERSONAL | |
| Nombre de persona | Laboulaye, Édouard ( |
| Fechas asociadas al nombre | 1811-1883) |
| 9 (RLIN) | 69262 |
| 852 ## - LOCALIZACIÓN | |
| Ubicación | ES-MaACL |
| Número de control de estantería | D-1554 |
| Nota libre | -- Enc. hol. |
| -- | -- Legado de Modesto de la Fuente |
| Estatus retirado | Estado de pérdida | Estado de daño | No para préstamo | Colección | Biblioteca de origen | Biblioteca actual | Ubicación en estantería | Fecha de adquisición | Fuente de adquisición | Total de préstamos | Signatura topográfica completa | Código de barras | Visto por última vez | Precio de reemplazo | Tipo de ítem Koha |
|---|---|---|---|---|---|---|---|---|---|---|---|---|---|---|---|
| Libros del s. XIX | Biblioteca del Ateneo de Madrid | Biblioteca del Ateneo de Madrid | Sala Valle Inclán | 17/01/2008 | D-1554 | 901163634 | 23/02/2023 | 23/02/2023 | Libro impreso antiguo |
